000 00570nam a2200193Ia 4500
003 LDD
008 181029s9999 xx 000 0 und d
020 _a9789351282402
_c990.00
040 _cLDD
100 _aSingh, Bijender
245 0 _aDalit men's autobiographies
_ba critical appraisal
_cBijender Singh
260 _aNew Delhi
_bKalpaz Publications
_c2017
300 _a276
365 _b990.00
901 _a16388
_b26-09-2017
902 _a14667
_b27-09-2017
_cF
_dUPPAL
_e31
903 _aDiscount-20
_bReqst by : Rabindra Kumar
942 _2ddc
_cBK
999 _c122979
_d122979